Представление документа в формате MARC21

Поле Инд. ПП Название Значение
Тип записи a
Библиографический уровень b
001 Контрольный номер RU/IS/BASE/105460316
005 Дата корректировки 20200608194401.1
084 a Индекс другой классификации/Индекс ББК 63.3(2)4-33
a Индекс другой классификации/Индекс ББК 60.033.145.2
a Индекс другой классификации/Индекс ББК 66.041.121; 66.07
a Индекс другой классификации/Индекс ББК 60.561.32
100 1_ a Автор Плосконосова В. П.
245 a Заглавие Правящие элиты древней и средневековой Руси и траектория социальных изменений
504 a Библиография Библиогр.: с. 146
650 a Основная рубрика история
a Основная рубрика политика
a Основная рубрика политическая социология
a Основная рубрика политология
a Основная рубрика социальная философия
a Основная рубрика социология
a Основная рубрика философия
a Основная рубрика философия истории
653 a Ключевые слова верховная власть
a Ключевые слова властные отношения
a Ключевые слова власть
a Ключевые слова государственная власть
a Ключевые слова государственность
a Ключевые слова государство
a Ключевые слова Древняя Русь
a Ключевые слова западная цивилизация
a Ключевые слова земское управление
a Ключевые слова история политических учений
a Ключевые слова княжеская власть
a Ключевые слова местное управление
a Ключевые слова Московское государство
a Ключевые слова национальная культура
a Ключевые слова национальная самобытность
a Ключевые слова общинно-вечевая власть
a Ключевые слова политическая трансформация
a Ключевые слова политическая элита
a Ключевые слова правящая элита
a Ключевые слова разделение властей
a Ключевые слова российская цивилизация
a Ключевые слова Россия
a Ключевые слова самодержавие
a Ключевые слова самодержавная власть
a Ключевые слова сравнительная политология (политическая компаративистика)
a Ключевые слова формирование государства
a Ключевые слова цивилизации
a Ключевые слова цивилизационные особенности
773 t Заглавие источника Вестник Московского университета. Серия 18, Социология и политология
d Дата издания источника 2003
g Прочая информация № 1. - С. 131 - 146
w Контрольный № источника RU/IS/BASE/103733045
901 t Тип документа b